| 000 | 00392 a2200157 4500 | ||
|---|---|---|---|
| 001 | 167195 | ||
| 020 | _a | ||
| 040 | _cMagnum | ||
| 100 | _aNemi, Ana Lucia Lana | ||
| 240 | 1 | 0 |
_aDidatica de historia: o tempo vivido: uma outra historia ? _lpor |
| 245 | 1 | 0 | _aDidatica de historia: o tempo vivido: uma outra historia ? |
| 362 | 0 | _a1899 | |
| 440 | 1 | _aFTD | |
| 697 | _aENSINO | ||
| 942 | _cBK | ||
| 999 |
_c167195 _d167195 |
||